[Event "31st Presolana Open"]
[Site "Presolana ITA"]
[Date "2011.08.21"]
[Round "2"]
[White "Manca,F"]
[Black "Altini,N"]
[Result "0-1"]
[WhiteElo "2401"]
[BlackElo "2267"]

1.Nf3 Nf6 2.c4 e6 3.Nc3 Bb4 4.d4 Bxc3+ 5.bxc3 b6 6.Bg5 Bb7 7.e3 h6 8.Bh4 d6
9.Bd3 Nbd7 10.Qc2 Qe7 11.e4 e5 12.Bxf6 Qxf6 13.O-O O-O 14.Rab1 Rfe8 15.d5 Nc5
16.Nd2 Re7 17.Nb3 Nxd3 18.Qxd3 a5 19.Na1 Qg6 20.Nc2 Rf8 21.Ne3 Bc8 22.Nf5 Bxf5
23.exf5 Qg5 24.Rbe1 e4 25.Rxe4 Qxf5 26.Rfe1 Rfe8 27.f3 Rxe4 28.Rxe4 Kh7 29.Qe3 Rxe4
30.fxe4 Qe5 31.Qf3 Kg6 32.h3 h5 33.Kh1 a4 34.a3 f6 35.Qd3 Kg5 36.Qc2 Kh4
37.Qf2+ Kg5 38.Qe3+ Kg6 39.Qf3 Kh6 40.Qd3 Qf4 41.Qc2 Qf1+ 42.Kh2 Qxc4 43.Qd2+ Kh7
44.Qe3 Qf1 45.Qd4 Qf4+ 46.g3 Qf3 47.h4 b5 48.Qb4 Qf2+ 49.Kh3 Qg1 50.g4  0-1

[Event "26th Universiade Women"]
[Site "Shenzhen CHN"]
[Date "2011.08.21"]
[Round "9"]
[White "Tan Zhongyi"]
[Black "Muzychuk,M"]
[Result "1-0"]
[WhiteElo "2396"]
[BlackElo "2469"]

1.d4 Nf6 2.c4 e6 3.Nc3 Bb4 4.Nf3 b6 5.Bg5 Bxc3+ 6.bxc3 Bb7 7.e3 d6 8.Bd3 Nbd7
9.O-O Qe7 10.Nd2 h6 11.Bh4 g5 12.Bg3 h5 13.h4 Ng4 14.Nf3 gxh4 15.Nxh4 O-O-O
16.Qe2 Rdg8 17.Rfb1 Nf8 18.a4 f5 19.a5 Ng6 20.Nxg6 Rxg6 21.axb6 axb6 22.c5 Nxf2
23.Ba6 Qg5 24.Bxb7+ Kxb7 25.Qa6+ Kc6 26.Qb5+ Kd5 27.cxd6+ c5 28.c4+ Ke4 29.Qc6+ Kd3
30.Bxf2 Rhg8 31.Ra3+ Kc2 32.Qa4+ Kxb1 33.Qd1+  1-0

[Event "Shepetivka Open"]
[Site "Shepetivka UKR"]
[Date "2011.08.21"]
[Round "9.15"]
[White "Bakuta,N"]
[Black "Girak,B"]
[Result "1/2-1/2"]
[WhiteElo "1794"]
[BlackElo "1762"]

1.d4 Nf6 2.c4 e6 3.Nf3 Bb4+ 4.Nc3 O-O 5.Bg5 Be7 6.e3 d5 7.Qc2 b6 8.Bd3 dxc4
9.Bxc4 Bb7 10.Qe2 Ne4 11.Bxe7 Qxe7 12.Rc1 c5 13.O-O cxd4 14.Nxd4 Nxc3 15.Rxc3 Nc6
16.Nxc6 Bxc6 17.Rfc1 Qg5 18.f3 Bd5 19.Ba6 e5 20.e4 Bxa2 21.Bb7 Rad8 22.Qe3 Qxe3+
23.Rxe3 Rd7 24.Ba6 Be6 25.Ra3 Rfd8 26.Rac3 Rd1+ 27.Kf2 Rxc1 28.Rxc1 Rd2+
29.Kg3 Rxb2 30.Rc7 g6 31.Rxa7 Ra2 32.Ra8+ Kg7 33.Bb7 Rxa8 34.Bxa8 b5 35.Kf2 Bc4
36.Ke3 b4 37.Kd2 Ba2 38.Kc2 Kh6 39.Bd5 b3+ 40.Kb2 f5 41.g3 Kg5 42.Ka1 f4
43.h4+ Kf6 44.g4 g5 45.h5 Ke7 46.Kb2 h6 47.Kc3 Kd6 48.Kb4 Bb1 49.Bxb3 Bd3
50.Bc4 Bc2 51.Be2 Kc6 52.Kc3 Ba4 53.Kb4 Bc2 54.Kc3 Ba4  1/2-1/2

[Event "Malaysian Open"]
[Site "Kuala Lumpur MAS"]
[Date "2011.08.23"]
[Round "7.32"]
[White "Li,P"]
[Black "Limono,Handjojo"]
[Result "1-0"]
[WhiteElo "2135"]
[BlackElo "1916"]

1.d4 Nf6 2.c4 e6 3.Nc3 Bb4 4.Nf3 c5 5.e3 Qa5 6.Bd2 cxd4 7.Nxd4 a6 8.Be2 Qc7
9.O-O Nc6 10.a3 Bc5 11.Bc1 O-O 12.b4 Bd6 13.g3 Be7 14.Bb2 d6 15.Rc1 Bd7 16.b5 Ne5
17.Qb3 Rfc8 18.Nb1 Ne4 19.Qc2 d5 20.cxd5 Qxc2 21.Nxc2 Nc4 22.Bxc4 Rxc4 23.dxe6 Bxe6
24.bxa6 bxa6 25.Nd4 Bd5 26.Nf5 Bf8 27.Rfd1 Rxc1 28.Rxc1 g6 29.Nd4 Rb8 30.Rc2 Bg7
31.Nd2 Ng5 32.h4 Ne6 33.Nxe6 Bxb2 34.Nc7 Rc8 35.Rxb2 Rxc7 36.e4 Be6 37.Rb6 Bc8
38.Kf1 Kg7 39.Ke2 Rc3 40.Rb3 Rc5 41.Ke3 Be6 42.Rd3 f5 43.f4 fxe4 44.Nxe4 Ra5
45.Rc3 Kh6 46.Nc5 Bf5 47.a4 Kh5 48.Kd4 Bg4 49.Kc4 Rxc5+ 50.Kxc5 Bd1 51.a5 Kg4
52.Re3 Bf3 53.Kb6 Kxg3 54.Kxa6 Kxf4 55.Rxf3+ Kxf3 56.Kb7  1-0

[Event "61st ch-RUS w"]
[Site "Moscow RUS"]
[Date "2011.08.25"]
[Round "6"]
[White "Zaiatz,E"]
[Black "Pogonina,N"]
[Result "1-0"]
[WhiteElo "2419"]
[BlackElo "2442"]

1.d4 Nf6 2.c4 e6 3.Nc3 Bb4 4.Nf3 b6 5.e3 Bb7 6.Bd3 O-O 7.O-O c5 8.a3 Bxc3
9.bxc3 d6 10.Qe2 Nbd7 11.e4 cxd4 12.cxd4 e5 13.Nh4 exd4 14.Nf5 Nc5 15.f3 Bc8
16.Nxd4 Qe7 17.Bb2 Bd7 18.Bc2 Rfe8 19.Qd2 Rac8 20.Rac1 Nb7 21.Bb3 Na5 22.Ba2 a6
23.Rfe1 Qd8 24.Qf4 Qe7 25.Red1 Qe5 26.Qd2 Qe7 27.Qb4 Rb8 28.Ne2 Nb7 29.Nf4 Nc5
30.Qd2 Ba4 31.Re1 Ncd7 32.Ne2 Nc5 33.Ng3 Bd7 34.Ba1 h6 35.Rcd1 Be6 36.Qxd6 Qxd6
37.Rxd6 Red8 38.Red1 Nb7 39.Rxd8+ Rxd8 40.Rxd8+ Nxd8 41.Bxf6 gxf6 42.Nh5 f5
43.exf5 Bxf5 44.Nf6+ Kg7 45.Nd5 b5 46.Kf2 Nc6 47.Ke3 Be6 48.Nc7 b4 49.Nxe6+ fxe6
50.axb4 Nxb4 51.Bb3 e5 52.Ke4 Kf6 53.c5 a5 54.h4 Ke7 55.g4 Kf6 56.Ba4 Na2
57.Kd3 Ke7 58.Kc4 Nb4 59.Kb5 Nd3 60.Bc2 e4 61.fxe4 Ne5 62.Bd1 Kd7 63.Kb6 Kc8
64.g5 hxg5 65.hxg5 Nd7+ 66.Kc6 Ne5+ 67.Kd5 Ng6 68.Kd6 Kd8 69.c6  1-0

[Event "3rd Senica Open"]
[Site "Senica SVK"]
[Date "2011.08.25"]
[Round "6.11"]
[White "Svoboda,A"]
[Black "Vacek,O"]
[Result "1/2-1/2"]
[WhiteElo "1967"]
[BlackElo "2111"]

1.d4 Nf6 2.c4 e6 3.Nc3 Bb4 4.Nf3 b6 5.a3 Bxc3+ 6.bxc3 Bb7 7.e3 d6 8.Bd3 Qe7
9.O-O O-O 10.Re1 e5 11.e4 Nc6 12.d5 Na5 13.Bg5 h6 14.Be3 Nh7 15.g3 g5 16.h4 f6
17.Kg2 Kg7 18.Rh1  1/2-1/2

[Event "1st Isthmia Open"]
[Site "Vrachati GRE"]
[Date "2011.08.25"]
[Round "9.1"]
[White "Mastrovasilis,A"]
[Black "Tiviakov,S"]
[Result "0-1"]
[WhiteElo "2537"]
[BlackElo "2623"]

1.d4 Nf6 2.c4 e6 3.Nc3 Bb4 4.Nf3 b6 5.Bg5 Bb7 6.e3 Bxc3+ 7.bxc3 d6 8.Nd2 Nbd7
9.f3 h6 10.Bh4 Qe7 11.Qa4 O-O 12.e4 e5 13.Bd3 Qe6 14.O-O Nh5 15.Qd1 Nf4 16.Bc2 Qg6
17.Bg3 Qf6 18.Kh1 Ne6 19.Ba4 Rfd8 20.Nb3 Qe7 21.Qe1 f6 22.Bf2 Ba6 23.Bb5 Nb8
24.a4 c6 25.Bxa6 Nxa6 26.Be3 Nac7 27.d5 Nf8 28.a5 c5 29.Rf2 Nd7 30.Rfa2 Rdb8
31.Nd2 Qe8 32.h3 Rb7 33.Qg3 Kh7 34.Qg4 bxa5 35.Rxa5 a6 36.R5a2 Rab8 37.h4 Rb2
38.h5 Nf8 39.Kh2 Qd7 40.Qh4 Qc8 41.Kg1 Rxa2 42.Rxa2 Ra8 43.Qe1 Qe8 44.Qb1 Nd7
45.Nb3 Qxh5 46.Na5 Rb8 47.Rb2 Qe8 48.Nc6 Rxb2 49.Qxb2 Qc8 50.Qb1 Na8 51.Qb3 Nab6
52.Qa2 a5 53.Na7 Qa6 54.Nb5 Na8 55.Kf2 Kg8 56.Qa4 Ndb6 57.Qa2 Nc8 58.Ke1 Kf7
59.Kd2 a4 60.Kc1 Nab6 61.g3 Ke7 62.f4 Qb7 63.f5 Qd7 64.Na3 h5 65.Qh2 Qe8
66.Qh3 Kd8 67.Qh4 g5 68.Qh1 Kd7 69.Kd2 Kc7 70.Kd3 Na7 71.Qg1 Kb7 72.Qh1 Ka6
73.Qh2 Nd7 74.Qa2 Qb8 75.Kc2 h4 76.gxh4 gxh4 77.Kc1 h3 78.Bg1 Ka5 79.Bh2 Qb3
80.Qb2 Nb6 81.Bg3 Nac8 82.Bh2 Ne7 83.Bg1 Ng8 84.Qxb3 axb3 85.Nb5 Nxc4  0-1

[Event "13th Sants Open"]
[Site "Barcelona ESP"]
[Date "2011.08.26"]
[Round "8"]
[White "Gonzalez Garcia,J2"]
[Black "Rios,Cr"]
[Result "1/2-1/2"]
[WhiteElo "2522"]
[BlackElo "2424"]

1.d4 Nf6 2.c4 e6 3.Nc3 Bb4 4.Nf3 Qe7 5.Bg5 Bxc3+ 6.bxc3 d6 7.Nd2 h6 8.Bxf6 Qxf6
9.g3 e5 10.Bg2 exd4 11.Ne4 Qe6 12.cxd4 Qxc4 13.Qd2 O-O 14.Rc1 Qa6 15.Rxc7 Nc6
16.Nxd6 Qb6 17.Rxc8 Raxc8 18.Nxc8 Qb1+ 19.Qd1 Qb4+ 20.Qd2 Qb1+ 21.Qd1 Qb4+
22.Kf1 Rxc8 23.e3 Qc4+ 24.Kg1 Qxa2 25.Be4 b5 26.Qh5 Ne7 27.Qxb5 f5 28.Bb1 Qe6
29.Kg2 Nd5 30.Qd3 Qc6 31.Ba2 Kh8 32.Bxd5 Qxd5+ 33.f3 Rb8 34.Rc1 Rb2+ 35.Rc2 Rxc2+
36.Qxc2 a5 37.Qc5 Qa2+ 38.Kh3 Qb1 39.e4 Qf1+ 40.Kh4 Qxf3 41.exf5 Qe4+ 42.Kh3 h5
43.Qxa5  1/2-1/2

[Event "XVI Seahorse Open A"]
[Site "Rewal POL"]
[Date "2011.08.27"]
[Round "7"]
[White "Sliwerski,R"]
[Black "Korosciel,A"]
[Result "0-1"]
[WhiteElo "2174"]
[BlackElo "2066"]

1.d4 Nf6 2.c4 e6 3.Nc3 Bb4 4.Nf3 d5 5.Bg5 h6 6.Bxf6 Qxf6 7.e3 dxc4 8.Bxc4 c5
9.O-O Bxc3 10.bxc3 Nc6 11.Rc1 O-O 12.Qe2 Rd8 13.Rfd1 b6 14.e4 cxd4 15.e5 Qe7
16.cxd4 Bb7 17.d5 exd5 18.Bxd5 Na5 19.Bxb7 Nxb7 20.Nd4 Nc5 21.f4 Ne6 22.Nc6 Rxd1+
23.Qxd1 Qa3 24.Qd2 Nc5 25.f5 Ne4 26.Qe1 Nc5 27.Rc3 Qa4 28.Ne7+ Kf8 29.f6 Rd8
30.Rc1 Qd4+ 31.Kh1 Nd3 32.Rc7 Nxe1 33.fxg7+ Kxg7 34.Nf5+ Kg6 35.Nxd4 Rxd4
36.Rxa7 Nd3 37.Kg1 Nxe5 38.a4 Rd5 39.Kf2 Ra5 40.Rb7 Nc4 41.Ke2 Rxa4 42.Kd3 Ne5+
43.Kc3 Rc4+ 44.Kb3 Rc6 45.Kb4  0-1

[Event "13th Sants Open"]
[Site "Barcelona ESP"]
[Date "2011.08.28"]
[Round "10"]
[White "Gonzalez Garcia,J2"]
[Black "Panelo,M"]
[Result "1-0"]
[WhiteElo "2522"]
[BlackElo "2413"]

1.d4 Nf6 2.c4 e6 3.Nc3 Bb4 4.Nf3 b6 5.e3 Bxc3+ 6.bxc3 O-O 7.Bd3 Bb7 8.O-O d6
9.Nd2 e5 10.e4 Re8 11.Re1 Nbd7 12.f3 Nh5 13.Nb3 Nf4 14.Bxf4 exf4 15.Qd2 Qh4
16.c5 dxc5 17.dxc5 Ne5 18.Bf1 Red8 19.Qf2 Qf6 20.Rad1 Bc6 21.Rd4 Bd7 22.Red1 Be6
23.Rxd8+ Rxd8 24.Rxd8+ Qxd8 25.Qd4 Qg5 26.Kh1 h5 27.cxb6 axb6 28.c4 c5 29.Qc3 Nc6
30.Qd2 Qe5 31.Nc1 g5 32.h4 f6 33.hxg5 fxg5 34.Nb3 g4 35.Kg1 g3 36.Nc1 Ne7
37.Qd8+ Kf7 38.Nd3 Qf6 39.Qc7 Qd4+ 40.Kh1 Bxc4 41.Ne5+ Kf8 42.Nxc4 Ng6 43.Qxb6 Qf2
44.Qf6+  1-0

[Event "10th Sunny Beach Open"]
[Site "Sunny Beach BUL"]
[Date "2011.08.28"]
[Round "2.35"]
[White "Kristinsson,Bj"]
[Black "Fish,G"]
[Result "0-1"]
[WhiteElo "2033"]
[BlackElo "2492"]

1.d4 Nf6 2.Nf3 e6 3.c4 Bb4+ 4.Nc3 c5 5.e3 O-O 6.Bd2 cxd4 7.Nxd4 Nc6 8.a3 Be7
9.Nxc6 bxc6 10.Bd3 d5 11.Qa4 Rb8 12.Rb1 c5 13.O-O dxc4 14.Bxc4 Ng4 15.Be2 Ne5
16.Rfd1 Qb6 17.Ne4 Bd7 18.Qc2 Bb5 19.Bc3 Ng6 20.a4 Bc6 21.a5 Qb7 22.f3 Bxe4
23.Qxe4 Qxe4 24.fxe4 Rfd8 25.Kf2 Bd6 26.Rd2 Be5 27.Rbd1 Rxd2 28.Rxd2 Bxc3
29.bxc3 Ne5 30.Bb5 Kf8 31.c4 Ke7 32.Ke2 Rd8 33.Rb2 Nd3 34.Rb1 Nb4 35.Rb2 Kf6
36.Rd2 Rxd2+ 37.Kxd2 Ke5 38.Be8 f6 39.Bd7 g5 40.g4 h6 41.h3 Kd6 42.Bb5 Nc6
43.Bxc6 Kxc6 44.e5 f5 45.Kd3 fxg4 46.hxg4 Kb7 47.a6+ Kxa6 48.Kc3 Kb6 49.Kb3 Kc6
50.Ka4 Kd7 51.Kb5 Ke7 52.Kxc5 h5 53.gxh5 g4 54.h6 Kf7 55.h7 Kg7 56.Kd6 g3
57.c5 g2 58.c6 g1=Q 59.c7 Qc1 60.Kd7 a5 61.c8=Q Qxc8+ 62.Kxc8 a4 63.Kd7 a3
64.Kxe6 a2 65.h8=Q+ Kxh8 66.Kf7 a1=Q 67.e6 Qg7+ 68.Ke8 Qg6+ 69.Kd7 Qf5 70.Kd6 Qb5  0-1

[Event "FIDE World Cup 2011"]
[Site "Khanty-Mansiysk RUS"]
[Date "2011.08.29"]
[Round "1.2"]
[White "Onischuk,Al"]
[Black "Ivanisevic,I"]
[Result "1-0"]
[WhiteElo "2675"]
[BlackElo "2633"]

1.d4 Nf6 2.c4 e6 3.Nc3 Bb4 4.Nf3 b6 5.Bg5 h6 6.Bh4 Bb7 7.e3 Bxc3+ 8.bxc3 d6
9.Nd2 Nbd7 10.f3 O-O 11.Bd3 e5 12.Bf5 Qe8 13.Qe2 g6 14.Bc2 Ba6 15.Ba4 g5
16.Bf2 Qe6 17.h4 Rab8 18.e4 Ne8 19.hxg5 hxg5 20.f4 f5 21.Qh5 Ndf6 22.Qxg5+ Ng7
23.d5 Qe7 24.fxe5 dxe5 25.exf5 Qa3 26.Bb3 Qb2 27.Rd1 Qxc3 28.Rh3 Qa5 29.g4 Rbd8
30.Qh6 Rd6 31.g5 Ng4 32.Qh7+ Kf7 33.f6 Nxf6 34.Rf3  1-0

[Event "FIDE World Cup 2011"]
[Site "Khanty-Mansiysk RUS"]
[Date "2011.08.29"]
[Round "1.2"]
[White "Bluvshtein,M"]
[Black "Riazantsev,A"]
[Result "1/2-1/2"]
[WhiteElo "2611"]
[BlackElo "2688"]

1.d4 Nf6 2.c4 e6 3.Nc3 Bb4 4.Nf3 c5 5.g3 Ne4 6.Qd3 Qa5 7.Qxe4 Bxc3+ 8.Bd2 Bxd2+
9.Nxd2 Qb6 10.dxc5 Qxb2 11.Rb1 Qa3 12.Qd4 O-O 13.Bg2 Na6 14.Ne4 Qa5+ 15.Qd2 Qc7
16.Rb5 Rb8 17.Qd4 b6 18.cxb6 Rxb6 19.Rg5 e5 20.Qxe5 Qxe5 21.Rxe5 d6 22.Re7 Be6
23.O-O Bxc4 24.Nc3 Rb2 25.Rxa7 Rc2 26.Bd5 Rxc3 27.Bxc4 Rxc4 28.Rxa6 Rc2 29.e3 Rb8
30.Rd1 g6 31.Raxd6 Rxa2 32.Rd8+ Rxd8 33.Rxd8+ Kg7 34.g4 Ra5 35.h4 h5 36.g5 Ra4
37.Rd4 Ra2 38.Kg2 Kf8 39.Kg3 Ra3 40.Kf4 Ra2 41.f3 Ra3 42.Ke4 Ra1 43.Ke5 Ra3
44.Ke4 Ra1 45.Rb4 Kg7 46.Kf4 Ra3 47.Rb1 Ra2 48.e4 Re2 49.Rb7 Ra2 50.Rb3 Rg2
51.Rb1 Re2 52.Kg3 Ra2 53.Re1 Ra3 54.Kf4 Ra2 55.Re3 Rg2 56.Re1 Ra2 57.Kg3 Ra3
58.Kf2 Ra2+ 59.Re2 Ra1 60.Kg2 Ra3 61.f4 Ra4 62.Kf3 Ra3+ 63.Re3 Ra1 64.Kg2 Ra4
65.Kg3 Rb4 66.f5 gxf5 67.exf5 Rg4+ 68.Kh3 f6 69.Re6 fxg5 70.Rg6+ Kf7 71.hxg5 Rf4
72.Rf6+ Kg7 73.Rg6+ Kf7 74.Ra6 Rxf5 75.Kh4 Rf1 76.g6+ Kg7 77.Kxh5 Rf5+  1/2-1/2

[Event "XVI Seahorse Open A"]
[Site "Rewal POL"]
[Date "2011.08.29"]
[Round "9.26"]
[White "Sliwerski,R"]
[Black "Zochowski,K"]
[Result "0-1"]
[WhiteElo "2174"]
[BlackElo "1954"]

1.d4 Nf6 2.c4 e6 3.Nc3 Bb4 4.Nf3 b6 5.Qc2 Bb7 6.a3 Bxc3+ 7.Qxc3 d6 8.Bg5 Nbd7
9.Nd2 h6 10.Bh4 Rc8 11.f3 d5 12.e3 c5 13.Be2 O-O 14.O-O cxd4 15.Qxd4 e5 16.Qd3 Nc5
17.Qf5 Qd6 18.cxd5 Bxd5 19.Nc4 Qe6 20.Qxe6 Bxe6 21.Nxe5 Nb3 22.Rad1 Rc2 23.Bd3 Rxb2
24.Bxf6 gxf6 25.Nc6 Nc5 26.Nd4 Nxd3 27.Nxe6 fxe6 28.Rxd3 Rc8 29.Rfd1 Rcc2
30.Rd8+ Kf7 31.R1d7+ Kg6 32.Rg8+ Kf5 33.h4 a5 34.Rd4 h5 35.Rf4+ Ke5 36.Rg6 b5
37.Kh1 Rb3 38.Rfxf6 Rxa3 39.Rxe6+ Kd5 40.Rd6+ Kc4 41.Rc6+ Kb3 42.e4 Rxc6
43.Rxc6 Ra1+ 44.Kh2 a4 45.Rc5 b4 46.Rxh5 a3 47.Ra5 a2 48.h5 Rc1 49.g4 a1=Q
50.Rxa1 Rxa1 51.h6 Ra8 52.g5 Rh8 53.f4 Ka3 54.f5 b3 55.g6 Rxh6+ 56.Kg2 b2
57.g7 b1=Q 58.g8=Q Qxe4+ 59.Kg3 Rh3+  0-1

[Event "3rd Julio Bolbochan Mem"]
[Site "Banfield ARG"]
[Date "2011.09.01"]
[Round "4.3"]
[White "Filion,C"]
[Black "Mayorga,N"]
[Result "1/2-1/2"]
[WhiteElo "2232"]
[BlackElo "2330"]

1.d4 Nf6 2.c4 e6 3.Nc3 Bb4 4.Nf3 c5 5.g3 cxd4 6.Nxd4 Ne4 7.Qd3 Bxc3+ 8.bxc3 Nc5
9.Qe3 O-O 10.Bg2 d6 11.O-O e5 12.Nb3 Nba6 13.Ba3 Qc7 14.Rab1 Rb8 15.Rfd1 b6
16.Rb2 Be6 17.Rbd2 Rfd8 18.Bd5 Qe7 19.f4 Bxd5 20.Rxd5 Nc7 21.R5d2 f6 22.Nd4 Qd7
23.fxe5 fxe5 24.Nf3 Qe6 25.Bxc5 bxc5 26.Ng5 Qg6 27.Ne4 Ne8 28.Nxc5 Rbc8 29.Nd3 Rxc4
30.Qxa7 Rdc8 31.Nb4 Qf7 32.Qxf7+ Kxf7 33.Nd5 R8c6 34.Rb1 Ra6 35.Rb7+ Kg6
36.Rd7 Rca4 37.Re7 Nf6 38.Nb4 Rb6 39.Re6 Ra3 40.Nd5 Rba6 41.Nxf6 gxf6 42.Rexd6 Rxd6
43.Rxd6 Rxc3 44.Ra6 Kg5 45.a4 Ra3 46.a5 f5 47.Ra8 h5 48.a6 Kg6 49.Kg2 Ra2
50.Kh3 Ra4 51.a7 Kg7 52.e3 h4 53.gxh4 Ra3 54.Re8 Rxa7 55.Rxe5 Kf6 56.Re8 Rg7
57.Rb8 Re7 58.Rb3 Re4  1/2-1/2

[Event "10th Sunny Beach Open"]
[Site "Sunny Beach BUL"]
[Date "2011.09.02"]
[Round "7.10"]
[White "Georgiev,Vl"]
[Black "Draskovic,L"]
[Result "1/2-1/2"]
[WhiteElo "2559"]
[BlackElo "2135"]

1.d4 Nf6 2.c4 e6 3.Nc3 Bb4 4.Nf3 c5 5.g3 cxd4 6.Nxd4 O-O 7.Bg2 d5 8.cxd5 Nxd5
9.Qb3 Qa5 10.Bd2 Nc6 11.Nc2 Bxc3 12.bxc3 Qc7 13.e4 Nb6 14.O-O Na5 15.Qb4 Nbc4
16.Rfd1 b6 17.Nd4 Ba6 18.e5 Rac8 19.Bf4 Rfd8 20.h4 Bb7 21.Nb5 Qb8 22.Bf1 Bd5
23.Nd6 Nxd6 24.exd6 Qb7 25.Re1 Nc4 26.Rad1 Qc6 27.Rd4 a5 28.Qb1 b5 29.h5 Nxd6
30.Be5 f6 31.Bxd6 Qxd6 32.h6 Rxc3 33.Rg4 Rc7 34.Qxb5 Bxa2 35.Qxa5 Bd5 36.Rd1 g6
37.Bg2 Rcd7 38.Rgd4 Qc6 39.Bf1 Kf7 40.Qa1 e5 41.R4d2 Be6 42.Rc1 Qe4 43.Rxd7+ Rxd7
44.Bg2 Qe2 45.Bc6 Re7 46.Qa8 Qd2 47.Ra1 Qxh6 48.Qh8 Qf8 49.Qxh7+ Qg7 50.Qh4 Rc7
51.Qb4 Qf8 52.Qb6 Qd6 53.Be8+ Ke7 54.Qxd6+ Kxd6 55.Bxg6 Ke7  1/2-1/2

[Event "TCh-POL Ekstraliga"]
[Site "Miedzybrodzie-Zywiec POL"]
[Date "2011.09.03"]
[Round "6.2"]
[White "Chojnacki,K"]
[Black "Leniart,A"]
[Result "1/2-1/2"]
[WhiteElo "2441"]
[BlackElo "2444"]

1.d4 Nf6 2.c4 e6 3.Nc3 Bb4 4.Nf3 O-O 5.Bg5 d5 6.e3 c6 7.Qc2 Nbd7 8.cxd5 cxd5
9.Bd3 h6 10.Bh4 a6 11.O-O Be7 12.Rac1 b5 13.Nb1 Qb6 14.Ne5 Bd6 15.Nxd7 Nxd7
16.Qc6 Qxc6 17.Rxc6 Bb8 18.Rfc1 Bb7 19.R6c2 Bd6 20.Bg3 Bxg3 21.hxg3 Rfc8
22.Rc7 Kf8 23.R1c2 Rxc7 24.Rxc7 Bc8 25.Nd2 Ke7 26.Nb3 Kd8 27.Rc2 Ra7 28.Nc5 Nxc5
29.Rxc5 Rc7 30.Rxc7 Kxc7  1/2-1/2

[Event "Okie Fest Open"]
[Site "Tulsa USA"]
[Date "2011.09.03"]
[Round "2.2"]
[White "Johnson,C"]
[Black "Ellis,J"]
[Result "1-0"]
[WhiteElo "1857"]
[BlackElo "2078"]

1.d4 Nf6 2.c4 e6 3.Nc3 Bb4 4.Nf3 c5 5.g3 cxd4 6.Nxd4 O-O 7.Bg2 Nc6 8.O-O d5
9.cxd5 exd5 10.Bf4 Be6 11.Rc1 Qd7 12.a3 Ba5 13.b4 Nxd4 14.bxa5 Nc6 15.a6 bxa6
16.Na4 Rac8 17.Nc5 Qe7 18.Qa4 a5 19.Nd3 Qb7 20.Rc3 Ne4 21.Bxe4 dxe4 22.Qxe4 Qb5
23.a4 Qh5 24.Rc5 Qg6 25.Qe3 Nb4 26.Rg5 Nd5 27.Qe5 Qf6 28.Qxf6 Nxf6 29.Rxa5 Rc2
30.Rxa7 Rxe2 31.Bd6 Re8 32.Nf4 Re4 33.a5 Bc4 34.Rc1 g5 35.Ng2 Nd5 36.f3 Re2
37.Bc5 Bb3 38.Rb7 Ba2 39.a6 Rd2 40.a7 Ree2 41.a8=Q+ Kg7 42.Qf8+  1-0

[Event "ch-POR Final"]
[Site "Amadora POR"]
[Date "2011.09.04"]
[Round "2"]
[White "Pinho,P"]
[Black "Neves,P"]
[Result "1-0"]
[WhiteElo "2168"]
[BlackElo "2218"]

1.d4 Nf6 2.c4 e6 3.Nf3 Bb4+ 4.Nc3 c5 5.e3 Nc6 6.Bd3 Bxc3+ 7.bxc3 d6 8.O-O O-O
9.Nd2 b6 10.f4 d5 11.Ba3 Qe7 12.Nb3 Nd7 13.e4 dxe4 14.Bxe4 Bb7 15.Qf3 Rac8
16.d5 exd5 17.cxd5 Ncb8 18.Rfe1 Qd8 19.c4 Nf6 20.Bd3 Nbd7 21.Bb2 b5 22.Rad1 bxc4
23.Bxc4 Nb6 24.Na5 Nxc4 25.Nxb7 Qb6 26.Bxf6 Qxf6 27.d6 Nb6 28.d7 Nxd7 29.Rxd7 c4
30.Nd6 Rb8 31.Nxc4 Rb4 32.Ne5 Rxf4 33.Qc6 Qf5 34.Rxa7 h5 35.Ra8 Rxa8 36.Qxa8+ Kh7
37.Nf3 h4 38.h3 Qc5+ 39.Kh1 Qf2 40.Qd5 g6 41.Re8 Rf6 42.Qe4 Ra6 43.Qe5  1-0

[Event "13th Trieste Open"]
[Site "Trieste ITA"]
[Date "2011.09.04"]
[Round "3"]
[White "Chatalbashev,B"]
[Black "Timoshenko,G"]
[Result "0-1"]
[WhiteElo "2566"]
[BlackElo "2572"]

1.d4 Nf6 2.c4 e6 3.Nc3 Bb4 4.Nf3 b6 5.Bg5 h6 6.Bh4 Bb7 7.Nd2 O-O 8.e4 g5
9.Bg3 Bxe4 10.h4 Bg6 11.hxg5 hxg5 12.Qf3 Nc6 13.Be5 Nh7 14.O-O-O f5 15.Be2 g4
16.Qg3 d6 17.Rh6 Nxe5 18.dxe5 Qg5 19.Rdh1 dxe5 20.Qxe5 Rad8 21.Qxe6+ Kg7
22.Qe3 Qxe3 23.fxe3 Nf6 24.R6h4 Rfe8 25.Nf1 c6 26.Bd1 Bxc3 27.bxc3 Rd3 28.Be2 Rxc3+
29.Kb2 Ne4 30.a4 a6  0-1

[Event "Okie Fest Open"]
[Site "Tulsa USA"]
[Date "2011.09.04"]
[Round "5.2"]
[White "Johnson,C"]
[Black "Holliman,B"]
[Result "0-1"]
[WhiteElo "1857"]
[BlackElo "2059"]

1.d4 Nf6 2.c4 e6 3.Nc3 Bb4 4.Nf3 b6 5.Bg5 h6 6.Bh4 g5 7.Bg3 Ne4 8.Qc2 Nxg3
9.hxg3 Bb7 10.e3 Qf6 11.Bd3 Nc6 12.O-O-O O-O-O 13.Ne4 Qg7 14.a3 Be7 15.Rh5 f5
16.Nc3 g4 17.Nd2 Bg5 18.Kb1 Ne7 19.Rh2 Rdf8 20.Nb3 h5 21.c5 h4 22.gxh4 Bxh4
23.g3 Bf6 24.Rxh8 Rxh8 25.Nb5 Nc6 26.d5 exd5 27.Bxf5 a6 28.N5d4 Nxd4 29.Nxd4 bxc5
30.Qxc5 Rh2 31.Rc1 Be5 32.Rc2 Kb8 33.Bd3 Qf6 34.Nf5 Rh5 35.Nh4 Rh8 36.Ka2 Rh6
37.Be2 Qxf2 38.Bxg4 Qf7 39.Bxd7 Bd6 40.Qd4 Qxd7 41.Rf2 Re6 42.Nf5 Be5  0-1

[Event "FIDE World Cup 2011"]
[Site "Khanty-Mansiysk RUS"]
[Date "2011.09.05"]
[Round "3.5"]
[White "Moiseenko,A1"]
[Black "Navara,D"]
[Result "0-1"]
[WhiteElo "2715"]
[BlackElo "2722"]

1.d4 Nf6 2.c4 e6 3.Nc3 Bb4 4.Nf3 b6 5.Bg5 Bb7 6.Nd2 h6 7.Bh4 Be7 8.e4 O-O
9.Bg3 d5 10.cxd5 exd5 11.e5 Nfd7 12.Bd3 c5 13.O-O cxd4 14.Ne2 Nc6 15.Nf3 Nc5
16.Nfxd4 Nxd4 17.Nxd4 Nxd3 18.Qxd3 Qd7 19.Rad1 Bc5 20.Nf5 d4 21.Nd6 Bc6 22.h3 Bxd6
23.Qxd4 Qb7 24.exd6 Bxg2 25.Kh2 Bxf1 26.Rxf1 Rad8 27.Rg1 f6 28.Rc1 Qf7 29.a3 Rd7
30.Rc3 Rfd8 31.Re3 Re8 32.Rc3 Kh8 33.Rc7 Qe6 34.Rc3 Qe4 35.Qd2 Qf5 36.Rc7 Red8
37.Qe3 Kh7 38.Qe2 Qd5 39.Qc2+ f5 40.Rc3 Rxd6 41.Bxd6 Rxd6 42.Rg3 Rc6 43.Qb3 Qe5
44.Kg2 Rc1 45.Qe3 Qxb2 46.Qe6 Qf6 47.Qxf6 gxf6 48.Rd3 Kg6 49.Rd7 a5 50.Rb7 Rb1
51.Kg3 Rb3+ 52.f3 b5 53.h4 a4 54.Kf4 Rxa3 55.Rxb5 Rb3 56.Ra5 Rb4+ 57.Kg3 Rc4
58.Ra7 Kh5 59.Ra5 Kg6 60.Ra7 f4+ 61.Kg4 h5+ 62.Kh3 Rc3 63.Rxa4 Rxf3+ 64.Kh2 Kf5
65.Ra6 Rd3 66.Kg2 Rc3 67.Rb6 Ra3 68.Rc6 Rb3 69.Ra6 Kg4 70.Rxf6 Rb2+ 71.Kg1 Kg3
72.Rg6+ Kxh4 73.Rg8 Kh3 74.Kf1 Kh2 75.Rg5 h4 76.Rg4 h3 77.Rg8 f3 78.Rg7 Rg2
79.Rf7 Kg3 80.Rg7+ Kf4 81.Rf7+ Ke4 82.Re7+ Kd5 83.Rd7+ Ke6 84.Rh7 h2  0-1

[Event "VII Ugra Governor's Cup"]
[Site "Khanty-Mansiysk RUS"]
[Date "2011.09.06"]
[Round "7"]
[White "Smirnov,P"]
[Black "Aleksandrov,A"]
[Result "0-1"]
[WhiteElo "2558"]
[BlackElo "2609"]

1.d4 Nf6 2.c4 e6 3.Nc3 Bb4 4.Nf3 d5 5.cxd5 exd5 6.Bg5 Nbd7 7.e3 c5 8.dxc5 Qa5
9.Rc1 Ne4 10.Qxd5 Nxc3 11.bxc3 Bxc3+ 12.Kd1 O-O 13.Bc4 Nf6 14.Bxf6 Bxf6 15.Ke2 Be6
16.Qe4 Bxc4+ 17.Qxc4 Rac8 18.Rhd1 Rfd8 19.Rxd8+ Qxd8 20.Nd4 g6 21.a4 Kg7
22.Nb5 Qd7 23.Nxa7 Rd8 24.Nb5 Bb2 25.Rb1 Be5 26.g3 Qf5 27.Na3 Rd7 28.g4 Qf6
29.Rb6 Qh4 30.Qe4 Bxh2 31.Nc4 h5 32.Nd6 Re7 33.Qg2 Bxd6 34.cxd6 Rd7 35.Qe4 Qxg4+
36.Qxg4 hxg4 37.Kd3 Kf6 38.Kd4 Ke6 39.a5 f5 40.Kc5 g5 41.Rb1 Rxd6 42.Rxb7 Rd2
43.Rb1 Rxf2 44.Ra1 Rc2+ 45.Kd4 Rd2+ 46.Kc3 Rd8 47.a6 g3 48.a7 f4 49.exf4 gxf4
50.a8=Q Rxa8 51.Rxa8 g2 52.Rg8 f3 53.Rg3 Ke5 54.Rxf3 g1=Q 55.Rd3 Ke4 56.Rd7 Qc5+
57.Kd2 Qb4+ 58.Kc1 Ke3 59.Rc7 Kd3 60.Rc8 Qe7 61.Rc2 Qa3+ 62.Kb1 Qb3+ 63.Rb2 Qd1+
64.Ka2 Kc3 65.Rf2 Qg4 66.Ka3 Qb4+ 67.Ka2 Qa5+  0-1

[Event "15th Cesenatico Open"]
[Site "Cesenatico ITA"]
[Date "2011.09.08"]
[Round "7"]
[White "Petkov,V"]
[Black "Naumkin,I"]
[Result "1-0"]
[WhiteElo "2511"]
[BlackElo "2473"]

1.d4 Nf6 2.c4 e6 3.Nc3 Bb4 4.Nf3 c5 5.g3 O-O 6.Bg2 cxd4 7.Nxd4 d5 8.O-O dxc4
9.Qa4 Bc5 10.Nc2 Qe7 11.Qxc4 Nbd7 12.Be3 Bxe3 13.Nxe3 Nb6 14.Qh4 Rb8 15.Rac1 Rd8
16.Rfd1 Bd7 17.Ne4 Be8 18.Nxf6+ Qxf6 19.Rxd8 Rxd8 20.Qxf6 gxf6 21.Bxb7 Rd2
22.Rd1 Rxd1+ 23.Nxd1 f5 24.f4 Kf8 25.Kf2 Ke7 26.Ke3 Nc4+ 27.Kd4 Nd6 28.Ba6 Bc6
29.Nc3 Kd7 30.b4 f6 31.a4 Ne8 32.Nb5 Nd6 33.Nxd6 Kxd6 34.a5 Bg2 35.Bd3 h6
36.e3 Bf3 37.b5 Bd5 38.Bc4 Be4 39.Bb3 Bf3 40.Kc4 Be4 41.Kb4 Bb7 42.Bc4 Bc8
43.Be2 Bb7 44.b6 axb6 45.axb6 Be4 46.Ka5 Bb7 47.Ba6 Be4 48.Bc8 Bd3 49.Bxe6  1-0

[Event "2nd Livigno Open A"]
[Site "Livigno ITA"]
[Date "2011.09.14"]
[Round "4.2"]
[White "Rombaldoni,D"]
[Black "Timoshenko,G"]
[Result "1/2-1/2"]
[WhiteElo "2517"]
[BlackElo "2572"]

1.d4 Nf6 2.c4 e6 3.Nc3 Bb4 4.Nf3 b6 5.e3 Bb7 6.Bd3 O-O 7.O-O Bxc3 8.bxc3 d6
9.Qc2 Re8 10.e4 e5 11.Bg5 h6 12.Bh4 Nbd7 13.Rae1 Nf8 14.Bg3 Ng6 15.Nh4 Nxh4
16.Bxh4 g5 17.Bg3 Nh5 18.Qd1 Nf4 19.Bc2 Qf6 20.f3 h5 21.Bf2 h4 22.g3 hxg3
23.hxg3 Qh6 24.gxf4 gxf4 25.Re2 Re6 26.Be1 Rg6+ 27.Rg2 Rxg2+ 28.Kxg2 Kh8
29.Rf2 f5 30.Kg1 Rg8+ 31.Rg2 Rxg2+ 32.Kxg2 fxe4 33.Bxe4 Bxe4 34.fxe4 Qg6+
35.Kf1 Qxe4 36.Qh5+ Kg7 37.Qg4+ Kh6 38.Qh3+ Kg6 39.Qg2+ Kf5 40.Qxe4+ Kxe4
41.dxe5 dxe5 42.Ke2 a6 43.a4 c6 44.Bf2 b5 45.cxb5 cxb5 46.axb5 axb5 47.Bb6  1/2-1/2